MARC details
| 000 -LEADER |
| fixed length control field |
03488nam a22004575i 4500 |
| 001 - CONTROL NUMBER |
| control field |
21991927 |
| 003 - CONTROL NUMBER IDENTIFIER |
| control field |
CSPC |
| 005 - DATE AND TIME OF LATEST TRANSACTION |
| control field |
20260218141714.0 |
| 008 - FIXED-LENGTH DATA ELEMENTS--GENERAL INFORMATION |
| fixed length control field |
210412s2022 -uka b 001 0 eng |
| 010 ## - LIBRARY OF CONGRESS CONTROL NUMBER |
| LC control number |
2021937060 |
| 020 ## - INTERNATIONAL STANDARD BOOK NUMBER |
| International Standard Book Number |
9780128195871 |
| Qualifying information |
(hardback) |
| 035 ## - SYSTEM CONTROL NUMBER |
| System control number |
21991927 |
| 040 ## - CATALOGING SOURCE |
| Original cataloging agency |
DLC |
| Language of cataloging |
eng |
| Description conventions |
rda |
| Transcribing agency |
DLC |
| Modifying agency |
CSPC |
| 042 ## - AUTHENTICATION CODE |
| Authentication code |
pcc |
| 050 00 - LIBRARY OF CONGRESS CALL NUMBER |
| Classification number |
SH156 |
| Item number |
.F574 2022 |
| 082 00 - DEWEY DECIMAL CLASSIFICATION NUMBER |
| Edition number |
23 |
| Classification number |
639.3 |
| Item number |
F526 |
| 245 00 - TITLE STATEMENT |
| Title |
Fish nutrition / |
| Statement of responsibility, etc. |
edited by Ronald W. Hardy and Sadasivam J. Kaushik. |
| 250 ## - EDITION STATEMENT |
| Edition statement |
Fourth edition. |
| 263 ## - PROJECTED PUBLICATION DATE |
| Projected publication date |
2109 |
| 264 #1 - PRODUCTION, PUBLICATION, DISTRIBUTION, MANUFACTURE, AND COPYRIGHT NOTICE |
| Place of production, publication, distribution, manufacture |
London, United Kingdom : |
| -- |
San Diego, California : |
| Name of producer, publisher, distributor, manufacturer |
Academic Press, an imprint of Elsevier, |
| Date of production, publication, distribution, manufacture, or copyright notice |
2022. |
| 300 ## - PHYSICAL DESCRIPTION |
| Extent |
xv, 905 pages : |
| Other physical details |
illustrations ; |
| Dimensions |
24 cm. |
| 336 ## - CONTENT TYPE |
| Content type term |
text |
| Content type code |
txt |
| Source |
rdacontent |
| 337 ## - MEDIA TYPE |
| Media type term |
unmediated |
| Media type code |
n |
| Source |
rdamedia |
| 338 ## - CARRIER TYPE |
| Carrier type term |
volume |
| Carrier type code |
nc |
| Source |
rdacarrier |
| 504 ## - BIBLIOGRAPHY, ETC. NOTE |
| Bibliography, etc. note |
Includes bibliographical references and index. |
| 505 0# - FORMATTED CONTENTS NOTE |
| Formatted contents note |
Fish nutrition - history and perspectives -- Bioenergetics -- Vitamins -- Protein and amino acids -- The lipids -- The minerals -- Carbohydrates -- Nutritional physiology -- Diet formulation and manufacture -- Diet analysis and evaluation --Nutritional supplements and fish health -- Antinutrients and adventitious toxins -- Nutritional pathology -- Feeding and fish husbandry. |
| 520 ## - SUMMARY, ETC. |
| Summary, etc. |
"Features expansive updates to the previous edition, including a new chapter dedicated to diet analysis and evaluation Addresses the roles of fish nutrition and feeds on sustainability and the environmental impacts of aquaculture Covers basic nutritional biochemistry and applied nutritional topics"-- |
| Assigning source |
Provided by publisher. |
| 520 ## - SUMMARY, ETC. |
| Summary, etc. |
"Fish Nutrition, Fourth Edition is an up-to-date, presentation of all key elements of the nutrition of fish and crustaceans. As aquaculture is rapidly expanding, more than 200 herbivorous and carnivorous species occupy a diverse range of ecological niches, and have therefore evolved to utilize a wide array of food sources. This new edition highlights these differences and covers the complexity and challenges associated with fish nutrition, addressing nutrient requirements to produce high-quality, healthful and sustainable resources, the essential nutrients for fish species, including proteins and amino acids, vitamins, minerals and essential fatty acids, a feed quality assessment, and fish pathology. This edition provides readers with new information on the use of high-throughput technologies in fish nutrition research, the role of feeds on the community structure of the microbiome, and advances in essential nutrient requirements. Features expansive updates to the previous edition, including a new chapter dedicated to diet analysis and evaluation Addresses the roles of fish nutrition and feeds on sustainability and the environmental impacts of aquaculture. Covers basic nutritional biochemistry and applied nutritional topics." -- Back cover |
| 650 #0 - SUBJECT ADDED ENTRY--TOPICAL TERM |
| Topical term or geographic name entry element |
Fishes |
| General subdivision |
Nutrition. |
| 650 #0 - SUBJECT ADDED ENTRY--TOPICAL TERM |
| Topical term or geographic name entry element |
Fishes |
| General subdivision |
Feeding and feeds. |
| 650 #0 - SUBJECT ADDED ENTRY--TOPICAL TERM |
| Topical term or geographic name entry element |
Fishes |
| General subdivision |
Food. |
| 650 #0 - SUBJECT ADDED ENTRY--TOPICAL TERM |
| Topical term or geographic name entry element |
Crustacea |
| General subdivision |
Nutrition. |
| 650 #0 - SUBJECT ADDED ENTRY--TOPICAL TERM |
| Topical term or geographic name entry element |
Crustacea |
| General subdivision |
Feeding and feeds. |
| 650 #0 - SUBJECT ADDED ENTRY--TOPICAL TERM |
| Topical term or geographic name entry element |
Crustacea |
| General subdivision |
Food. |
| 700 1# - ADDED ENTRY--PERSONAL NAME |
| Personal name |
Hardy, Ronald W., |
| Relator term |
editor. |
| 700 1# - ADDED ENTRY--PERSONAL NAME |
| Personal name |
Kaushik, Sadasivam J., |
| Relator term |
editor. |
| 906 ## - LOCAL DATA ELEMENT F, LDF (RLIN) |
| a |
0 |
| b |
ibc |
| c |
orignew |
| d |
2 |
| e |
epcn |
| f |
20 |
| g |
y-gencatlg |
| 942 ## - ADDED ENTRY ELEMENTS (KOHA) |
| Source of classification or shelving scheme |
Dewey Decimal Classification |
| Koha item type |
Books |
| Edition |
23 |
| Classification part |
639.3 |
| Item part |
F526 |
| Call number prefix |
CIR |
| Call number suffix |
2022 |
| Suppress in OPAC |
No |